[Event "OLNO 1819 SC Kreuzberg - SK König Teg"]
[Site "?"]
[Date "2018.12.16"]
[Round "4.8"]
[White "Dyballa, Markus"]
[Black "Acikel, Mert"]
[Result "1/2-1/2"]
[WhiteElo "2207"]
[BlackElo "2095"]
[PlyCount "174"]
[EventDate "2018.??.??"]

1. c4 e6 2. f4 d5 3. e3 Nf6 4. Nf3 Be7 5. b3 O-O 6. Bb2 dxc4 7. bxc4 c5 8. Ne5
Nbd7 9. Be2 Nxe5 10. fxe5 Ne8 11. O-O Bd7 12. Bf3 Qc7 13. Be4 Bc6 14. Qf3 Bxe4
15. Qxe4 Rd8 16. Rf2 Qb6 17. Bc3 f5 18. Qc2 Qa6 19. Qb3 Nc7 20. Na3 Rd3 21. Rb1
b6 22. Nc2 Rb8 23. a4 Kh8 24. Rff1 Qc8 25. Ne1 Rd8 26. Qc2 Na6 27. e4 Nb4 28.
Qd1 fxe4 29. Qg4 Qc6 30. Rf7 Bf8 31. Rxa7 Ra8 32. Rxa8 Rxa8 33. Ra1 Be7 34. h3
h6 35. Kh2 Bg5 36. h4 Bd8 37. Kh3 Bc7 38. Qe2 Rf8 39. Rb1 Na2 40. Ba1 Nb4 41.
Bc3 Rf5 42. Ra1 Bxe5 43. Bxe5 Rxe5 44. a5 bxa5 45. Rxa5 Qd6 46. Ra8+ Kh7 47. h5
Nd3 48. Nxd3 Qxd3+ 49. Qxd3 Rxh5+ 50. Kg3 Rg5+ 51. Kh3 exd3 52. Rd8 Re5 53.
Rxd3 Re4 54. Rd6 Rxc4 55. Rxe6 Rd4 56. Rc6 c4 57. Kg3 Rd3+ 58. Kh2 Rxd2 59.
Rxc4 Kg6 60. Rc5 Rf2 61. Ra5 Rf5 62. Ra7 Kf6 63. Ra6+ Kg5 64. Ra7 g6 65. Ra6 h5
66. Rb6 Rd5 67. Ra6 h4 68. Rb6 Kh5 69. Rb2 Rd3 70. Kg1 Kg4 71. Kf2 Rd4 72. Kg1
Rd3 73. Kh2 Rd4 74. Rb8 g5 75. Rf8 Rf4 76. Rg8 Kf5 77. Rf8+ Kg4 78. Rg8 Rf2 79.
Rh8 Rf5 80. Rh7 Kf4 81. Rh8 Ke3 82. Kh3 Kf2 83. Rg8 Re5 84. Rg7 Re3+ 85. Kh2
Rg3 86. Rf7+ Ke3 87. Rf8 Ke2 1/2-1/2

[Event "OLNO 1819 TuS Makkabi Berlin - SC Weiss"]
[Site "?"]
[Date "2018.12.16"]
[Round "4.1"]
[White "Moeller, Hendrik"]
[Black "Kiesekamp, Marcos"]
[Result "0-1"]
[WhiteElo "2251"]
[BlackElo "2295"]
[PlyCount "92"]
[EventDate "2018.??.??"]

1. c4 Nf6 2. g3 c5 3. Bg2 e6 4. Nf3 Nc6 5. O-O Be7 6. d4 cxd4 7. Nxd4 O-O 8.
Nc3 a6 9. b3 Qc7 10. Bb2 b6 11. Rc1 Bb7 12. Nd5 Qd8 13. Nxe7+ Qxe7 14. Nc2 Rfc8
15. Bxf6 gxf6 16. Qd2 Rc7 17. Rfd1 Rac8 18. Qh6 f5 19. Ne3 Ne5 20. Rd4 Bxg2 21.
Kxg2 f6 22. Rcd1 d6 23. a4 Rd7 24. Kg1 b5 25. cxb5 axb5 26. axb5 d5 27. g4 fxg4
28. h3 gxh3 29. Qxh3 Rb8 30. f4 Nf7 31. Kg2 f5 32. Rg1 Kh8 33. Ra4 Nd6 34. b6
Ne4 35. Kf3 Rxb6 36. Rc1 Rd8 37. Qh6 d4 38. Nc4 Rxb3+ 39. e3 dxe3 40. Ne5 e2+
41. Kxe2 Rd2+ 42. Ke1 Re3+ 43. Kf1 Ng3+ 44. Kg1 Re1+ 45. Rxe1 Qc5+ 46. Re3
Qxe3# 0-1

[Event "OLNO 1819 TuS Makkabi Berlin - SC Weiss"]
[Site "?"]
[Date "2018.12.16"]
[Round "4.2"]
[White "Krefenstein, Sergej"]
[Black "Waldmann, Hans-Joachim"]
[Result "0-1"]
[WhiteElo "2120"]
[BlackElo "2292"]
[PlyCount "76"]
[EventDate "2018.??.??"]

1. d4 Nf6 2. Nf3 d6 3. h3 c6 4. c4 Nbd7 5. Bf4 g6 6. e3 Bg7 7. Be2 Qa5+ 8. Qd2
Qxd2+ 9. Nbxd2 O-O 10. O-O a5 11. Bh2 b6 12. Rfe1 Re8 13. Rad1 Bb7 14. Nb1 Ne4
15. Bd3 Ndf6 16. Nc3 Nxc3 17. bxc3 Ba6 18. Re2 Nd7 19. Rb2 Rec8 20. Rb3 c5 21.
Nd2 d5 22. Bf1 cxd4 23. exd4 dxc4 24. Rbb1 b5 25. Re1 Nb6 26. Rxe7 Nd5 27. Rd7
Nxc3 28. Re1 Rd8 29. Ree7 Rxd7 30. Rxd7 Nxa2 31. Ne4 c3 32. Bd3 Nb4 33. Be2 c2
34. Bf4 Re8 35. Nd6 Rxe2 36. Rd8+ Bf8 37. Kf1 Re6 38. Ne8 Nd3 0-1

[Event "OLNO 1819 TuS Makkabi Berlin - SC Weiss"]
[Site "?"]
[Date "2018.12.16"]
[Round "4.3"]
[White "Pfeffer, Ruprecht"]
[Black "Gazmaga, Stefan"]
[Result "1-0"]
[WhiteElo "2247"]
[BlackElo "2168"]
[PlyCount "89"]
[EventDate "2018.??.??"]

1. e4 e6 2. d4 d5 3. Nc3 Bb4 4. e5 Ne7 5. a3 Bxc3+ 6. bxc3 c5 7. h4 Bd7 8. h5
h6 9. Rh3 c4 10. Qg4 Nf5 11. Qf4 Ba4 12. Ra2 Nc6 13. g4 Nfe7 14. Rf3 Rf8 15.
Bh3 Kd7 16. g5 Ng8 17. gxh6 gxh6 18. Ne2 Qe7 19. Qg3 Rae8 20. Be3 Kc7 21. Kd2
b5 22. Ra1 Kb6 23. Qg7 Nd8 24. Nf4 a5 25. Ne2 Kc6 26. Bg4 f5 27. Qxe7 Rxe7 28.
Bh3 Rg7 29. Nf4 Kd7 30. Ng6 Rff7 31. Bf4 Nc6 32. Rg3 Ke8 33. Rag1 b4 34. axb4
axb4 35. Nh8 Rxg3 36. Rxg3 Rf8 37. cxb4 Nxb4 38. Ra3 Bc6 39. Kc3 Nxc2 40. Kxc2
Ne7 41. Ng6 Nxg6 42. hxg6 Rg8 43. Ra6 Bd7 44. Ra8+ Ke7 45. Rxg8 1-0

[Event "OLNO 1819 TuS Makkabi Berlin - SC Weiss"]
[Site "?"]
[Date "2018.12.16"]
[Round "4.4"]
[White "Sawlin, Michail"]
[Black "Abraham, Ingo"]
[Result "1/2-1/2"]
[WhiteElo "2162"]
[BlackElo "2209"]
[PlyCount "96"]
[EventDate "2018.??.??"]

1. e4 c5 2. Nf3 d6 3. d4 cxd4 4. Nxd4 Nf6 5. Nc3 Nc6 6. Be2 e5 7. Nb3 Be7 8.
Be3 O-O 9. f3 Be6 10. Nd5 Bxd5 11. exd5 Nb4 12. c4 a5 13. Bd2 b6 14. Bxb4 axb4
15. Qd2 Ra4 16. O-O Nd7 17. Bd1 Bg5 18. Qe1 b5 19. Nd2 Qb6+ 20. Kh1 Bxd2 21.
Qxd2 Ra5 22. Qxb4 bxc4 23. Qxc4 Qxb2 24. Bb3 Nc5 25. Rab1 Qa3 26. f4 e4 27. f5
f6 28. g4 Rb8 29. Rfe1 Qb4 30. Qxb4 Rxb4 31. Bc2 Rxb1 32. Bxb1 Kf7 33. Kg2 Ra4
34. Rd1 Ke7 35. Kf2 Kd7 36. Rd2 Ra3 37. Re2 Rf3+ 38. Kg2 Ra3 39. h4 h6 40. g5
hxg5 41. hxg5 fxg5 42. Bxe4 Nxe4 43. Rxe4 Rxa2+ 44. Kg3 Rd2 45. Kg4 Rxd5 46.
Kxg5 Rd1 47. Rg4 Ke7 48. Kg6 Kf8 1/2-1/2

[Event "OLNO 1819 TuS Makkabi Berlin - SC Weiss"]
[Site "?"]
[Date "2018.12.16"]
[Round "4.5"]
[White "Uhl, Heinz"]
[Black "Emig, Edgar"]
[Result "1/2-1/2"]
[WhiteElo "2138"]
[BlackElo "2140"]
[PlyCount "48"]
[EventDate "2018.??.??"]

1. c4 c5 2. Nf3 g6 3. g3 Bg7 4. Bg2 Nc6 5. Nc3 d6 6. O-O Nf6 7. d4 Nxd4 8. Nxd4
cxd4 9. Qxd4 O-O 10. Qd3 Qb6 11. Bg5 h6 12. Bxf6 Bxf6 13. Nd5 Qxb2 14. Rab1 Qe5
15. f4 Qd4+ 16. Qxd4 Bxd4+ 17. e3 Bc5 18. Nxe7+ Kg7 19. Rfe1 Be6 20. Rxb7 Rab8
21. Rxb8 Rxb8 22. Bd5 Re8 23. Bxe6 Rxe7 24. Bd5 Rxe3 1/2-1/2

[Event "OLNO 1819 TuS Makkabi Berlin - SC Weiss"]
[Site "?"]
[Date "2018.12.16"]
[Round "4.6"]
[White "Fliter, Irena"]
[Black "Venske, Kai-Gerrit"]
[Result "0-1"]
[WhiteElo "2097"]
[BlackElo "2173"]
[PlyCount "68"]
[EventDate "2018.??.??"]

1. e4 d5 2. exd5 Qxd5 3. Nc3 Qa5 4. Bb5+ c6 5. Be2 e5 6. Nf3 Nf6 7. O-O Bf5 8.
d4 e4 9. Ne5 h5 10. Bc4 Nd5 11. Nxd5 cxd5 12. Bd2 Qd8 13. Bb5+ Bd7 14. Nxd7
Nxd7 15. f3 a6 16. Bxd7+ Qxd7 17. Qe2 f5 18. Kh1 Rc8 19. Rac1 b5 20. b3 Ba3 21.
Rce1 Rxc2 22. Qd1 Rc6 23. Bf4 Bb4 24. Re2 O-O 25. Be5 Bd6 26. fxe4 dxe4 27. d5
Rc5 28. Qd4 Rfc8 29. Ref2 Bxe5 30. Qxe5 Rxd5 31. Qf4 Qe7 32. Qe3 g6 33. Qg3 Kh7
34. Re2 Qc5 0-1

[Event "OLNO 1819 TuS Makkabi Berlin - SC Weiss"]
[Site "?"]
[Date "2018.12.16"]
[Round "4.7"]
[White "Mohrmann, Ralf"]
[Black "Gorodetski, Grigori"]
[Result "1-0"]
[WhiteElo "2048"]
[BlackElo "1907"]
[PlyCount "85"]
[EventDate "2018.??.??"]

1. d4 d5 2. c4 e6 3. g3 f5 4. Bg2 Nf6 5. Nf3 Be7 6. Nc3 c6 7. O-O O-O 8. b3 Ne4
9. Bb2 Nd7 10. Qc2 Ndf6 11. Rad1 Nxc3 12. Bxc3 Bd7 13. Ne5 Bd6 14. f3 Be8 15.
e4 dxe4 16. fxe4 Bh5 17. Rde1 Bxe5 18. dxe5 Qb6+ 19. Kh1 Nxe4 20. Bxe4 fxe4 21.
Qxe4 Bg6 22. Qd4 Rxf1+ 23. Rxf1 Qxd4 24. Bxd4 Rd8 25. Bc5 Be4+ 26. Kg1 b6 27.
Be7 Re8 28. Bd6 a6 29. Kf2 Rc8 30. Ke3 Bg6 31. b4 h6 32. a4 b5 33. a5 bxc4 34.
Kd4 Bd3 35. Rf3 Be2 36. Re3 Bf1 37. Kc5 c3 38. Rxc3 Bb5 39. Kb6 c5 40. Rxc5
Rxc5 41. bxc5 Kf7 42. c6 Ke8 43. Kb7 1-0

[Event "OLNO 1819 TuS Makkabi Berlin - SC Weiss"]
[Site "?"]
[Date "2018.12.16"]
[Round "4.8"]
[White "Schmidt, Jevgen"]
[Black "Gross, Thorsten"]
[Result "0-1"]
[WhiteElo "1894"]
[BlackElo "2159"]
[PlyCount "60"]
[EventDate "2018.??.??"]

1. d4 Nf6 2. c4 e6 3. Nc3 d5 4. cxd5 exd5 5. Bg5 Be7 6. e3 O-O 7. Bd3 Be6 8.
Nf3 Nbd7 9. O-O Re8 10. Ne5 h6 11. Bf4 c5 12. Rc1 Rc8 13. Bb1 a6 14. b3 Nf8 15.
dxc5 Bxc5 16. Na4 Ba7 17. Nd3 Qe7 18. b4 Ne4 19. Be5 Bd7 20. Rxc8 Rxc8 21. Re1
Bb5 22. Bd4 Bxd4 23. exd4 Qf6 24. Nac5 Qxd4 25. Qg4 Re8 26. Nb3 Qc3 27. Rc1 Qf6
28. f3 Nc3 29. Nf4 Qxf4 30. Rxc3 Re1+ 0-1

[Event "OLNO 1819 SC Empor Potsdam - SV Empor B"]
[Site "?"]
[Date "2018.12.16"]
[Round "4.1"]
[White "Thinius, Marco"]
[Black "Penzold, Andreas"]
[Result "1/2-1/2"]
[WhiteElo "2399"]
[BlackElo "2404"]
[PlyCount "91"]
[EventDate "2018.??.??"]

1. Nf3 c5 2. c4 Nc6 3. g3 g6 4. Bg2 Bg7 5. Nc3 d6 6. O-O Be6 7. d3 Nf6 8. a3
Qc8 9. Rb1 Bh3 10. b4 Bxg2 11. Kxg2 O-O 12. Bg5 Re8 13. Qc1 b6 14. Re1 Nd4 15.
Nxd4 cxd4 16. Bxf6 Bxf6 17. Nd5 Bg7 18. b5 Qb7 19. Kg1 Rac8 20. Qf4 Rc5 21. a4
e6 22. Nf6+ Bxf6 23. Qxf6 d5 24. Qxd4 dxc4 25. Rbc1 e5 26. Qa1 Qc7 27. Rxc4
Rxc4 28. dxc4 Qxc4 29. e3 h5 30. h4 Qe4 31. Qd1 Qb4 32. Re2 Rc8 33. Rc2 Rxc2
34. Qxc2 Kg7 35. Kg2 Kg8 36. Kh2 Kg7 37. Kg2 Kg8 38. Kh2 Kg7 39. Qc7 Qxa4 40.
Qxe5+ Kg8 41. e4 a6 42. bxa6 Qxa6 43. Qe8+ Kg7 44. Qe5+ Kg8 45. Qf6 Qc4 46.
Qxb6 1/2-1/2

[Event "OLNO 1819 SC Empor Potsdam - SV Empor B"]
[Site "?"]
[Date "2018.12.16"]
[Round "4.2"]
[White "Hansch, Karsten"]
[Black "Foerster, Jonas"]
[Result "0-1"]
[WhiteElo "2286"]
[BlackElo "2285"]
[PlyCount "94"]
[EventDate "2018.??.??"]

1. e4 c5 2. Nf3 d6 3. b3 Nc6 4. Bb2 e5 5. d3 Be7 6. Nbd2 Nh6 7. Be2 O-O 8. c3
f5 9. O-O Kh8 10. d4 cxd4 11. cxd4 fxe4 12. Nxe4 d5 13. Ng3 e4 14. Ne5 Nf5 15.
Nxc6 bxc6 16. Nxf5 Bxf5 17. Rc1 Qd6 18. Rc3 Rf6 19. Bc1 Qb4 20. Re3 Bd6 21. a3
Qb6 22. Rc3 Qc7 23. f4 exf3 24. Rcxf3 Bxh2+ 25. Kh1 Raf8 26. Bd3 Bxd3 27. Rxf6
Rxf6 28. Rxf6 gxf6 29. Qxd3 Bf4 30. Qf1 Bxc1 31. Qxc1 Kg7 32. Qe3 Qd6 33. b4 h6
34. Kg1 Kg6 35. Qe8+ Kg5 36. Qg8+ Kf4 37. Qg6 Ke3 38. Qxh6+ Kxd4 39. Qd2+ Ke4
40. Qe2+ Kd4 41. Qd2+ Kc4 42. Qc2+ Kb5 43. Qf5 Ka4 44. Qd3 Qe5 45. Qa6+ Kb3 46.
Qxa7 d4 47. Qa6 Qb5 0-1

[Event "OLNO 1819 SC Empor Potsdam - SV Empor B"]
[Site "?"]
[Date "2018.12.16"]
[Round "4.3"]
[White "Urban, Julian"]
[Black "Hansch, Stephan"]
[Result "1/2-1/2"]
[WhiteElo "2246"]
[BlackElo "2210"]
[PlyCount "99"]
[EventDate "2018.??.??"]

1. b3 d5 2. Bb2 Nf6 3. e3 c5 4. Nf3 Nc6 5. Bb5 Bg4 6. Bxc6+ bxc6 7. d3 e6 8.
Nbd2 Be7 9. O-O O-O 10. Qe1 Bxf3 11. Nxf3 Qb6 12. Qe2 Rfd8 13. Nd2 Qb4 14. a4
Qg4 15. f3 Qg6 16. f4 h5 17. Nf3 Rac8 18. Ne5 Qh6 19. Rae1 Nd7 20. Nxd7 Rxd7
21. e4 f5 22. exf5 exf5 23. Qe6+ Qxe6 24. Rxe6 Kf7 25. Rfe1 Bd6 26. Bc1 Re7 27.
Rxe7+ Bxe7 28. Kf2 Bf6 29. Kf3 a6 30. Ba3 Bd4 31. Re2 Rb8 32. Re1 g6 33. Re2
Rb7 34. g3 Rb8 35. Re1 Rb7 36. h3 Rc7 37. Re2 Rb7 38. Re1 Rb8 39. Rd1 Re8 40.
Bc1 Bc3 41. Be3 d4 42. Bf2 Bb4 43. Rg1 Kf6 44. g4 hxg4+ 45. hxg4 Rh8 46. g5+
Kg7 47. Be1 Re8 48. Bf2 Re7 49. Ra1 a5 50. Rd1 1/2-1/2

[Event "OLNO 1819 SC Empor Potsdam - SV Empor B"]
[Site "?"]
[Date "2018.12.16"]
[Round "4.4"]
[White "Schoene, Ralf"]
[Black "Meissner, Hans-Juergen"]
[Result "0-1"]
[WhiteElo "2257"]
[BlackElo "2221"]
[PlyCount "109"]
[EventDate "2018.??.??"]

1. d4 Nf6 2. c4 g6 3. g3 Bg7 4. Bg2 O-O 5. Nc3 d6 6. Nf3 Nbd7 7. O-O e5 8. e4
exd4 9. Nxd4 Re8 10. f3 a6 11. Be3 Rb8 12. Qc2 Ne5 13. b3 c5 14. Nde2 b5 15.
Rad1 Qe7 16. Nf4 bxc4 17. bxc4 Bb7 18. Nb1 Bc6 19. Qe2 Qc7 20. Kh1 Red8 21. Rc1
Qa5 22. Nd3 Nxd3 23. Qxd3 Nd7 24. f4 Nb6 25. Nc3 Qa3 26. Rfd1 Qb4 27. Nd5 Nxd5
28. cxd5 Bb5 29. Qb3 Ba4 30. Qxb4 Rxb4 31. Rd2 Rdb8 32. e5 Rb1 33. Rf1 dxe5 34.
Bxc5 exf4 35. gxf4 Bc3 36. Rdf2 Be1 37. Re2 Bh4 38. Rd2 f5 39. Kg1 Kf7 40. Bf3
Rxf1+ 41. Kxf1 Rb1+ 42. Kg2 Bb5 43. Be2 Ke8 44. a3 Kd7 45. Bxb5+ Rxb5 46. Rc2
Bf6 47. d6 Rb2 48. Rxb2 Bxb2 49. Kf3 Ke6 50. Bb4 Bd4 51. Ke2 Ba7 52. Kd3 Bb8
53. Kd4 h6 54. a4 g5 55. fxg5 0-1

[Event "OLNO 1819 SC Empor Potsdam - SV Empor B"]
[Site "?"]
[Date "2018.12.16"]
[Round "4.5"]
[White "Schabe, Felix"]
[Black "Trenner, Rolf"]
[Result "0-1"]
[WhiteElo "1915"]
[BlackElo "2158"]
[PlyCount "54"]
[EventDate "2018.??.??"]

1. e4 e5 2. Nf3 Nc6 3. Bb5 a6 4. Ba4 Nf6 5. O-O Nxe4 6. d4 b5 7. Bb3 d5 8. dxe5
Be6 9. c3 Nc5 10. Bc2 Bg4 11. h3 Bh5 12. Re1 Be7 13. Nbd2 d4 14. Nb3 d3 15.
Nxc5 dxc2 16. Qxd8+ Rxd8 17. Nxa6 Bxf3 18. gxf3 Rd1 19. Bf4 Rxa1 20. Rxa1 Kd7
21. a3 Ra8 22. e6+ fxe6 23. Nxc7 Rf8 24. Bg3 Bg5 25. f4 Rxf4 26. Rc1 Rxf2 27.
Kxf2 Bxc1 0-1

[Event "OLNO 1819 SC Empor Potsdam - SV Empor B"]
[Site "?"]
[Date "2018.12.16"]
[Round "4.6"]
[White "Wuttke, Hans"]
[Black "Welz, Peter"]
[Result "1/2-1/2"]
[WhiteElo "2161"]
[BlackElo "1997"]
[PlyCount "55"]
[EventDate "2018.??.??"]

1. Nf3 f5 2. d3 d6 3. e4 e5 4. exf5 Bxf5 5. g3 Be7 6. Bg2 Nc6 7. O-O Nf6 8. c3
Qd7 9. d4 h6 10. dxe5 dxe5 11. Qxd7+ Nxd7 12. Be3 O-O-O 13. Nbd2 g5 14. Nb3 Be4
15. Nfd2 Bxg2 16. Kxg2 a5 17. Ne4 a4 18. Nbd2 Nc5 19. Nxc5 Bxc5 20. Ne4 Bxe3
21. fxe3 Rd3 22. Rae1 b6 23. Re2 Na5 24. Nf2 Rd5 25. Rd1 Rxd1 26. Nxd1 Rd8 27.
Nf2 Nc4 28. b3 1/2-1/2

[Event "OLNO 1819 SC Empor Potsdam - SV Empor B"]
[Site "?"]
[Date "2018.12.16"]
[Round "4.7"]
[White "Jahn, Thomas"]
[Black "Bachmann, Volker"]
[Result "1/2-1/2"]
[WhiteElo "2197"]
[BlackElo "2130"]
[PlyCount "147"]
[EventDate "2018.??.??"]

1. e4 e6 2. d4 d5 3. Nc3 Bb4 4. e5 c5 5. a3 Bxc3+ 6. bxc3 Ne7 7. a4 Qa5 8. Bd2
c4 9. f4 Nd7 10. Nh3 Nb6 11. Qh5 h6 12. g4 Nxa4 13. Bg2 b5 14. f5 exf5 15. Nf4
g6 16. Qh3 fxg4 17. Qe3 Be6 18. O-O Nf5 19. Qe2 O-O-O 20. Nxe6 fxe6 21. Qxg4
Rdg8 22. Rfb1 a6 23. Qd1 Qd8 24. Qc1 Qc7 25. Be1 g5 26. Rxa4 bxa4 27. Qa3 Qc6
28. Rb4 Kc7 29. Rxa4 Ra8 30. Ra5 Kd7 31. Rc5 Qb7 32. Rxc4 Qb1 33. Qa4+ Qb5 34.
Rb4 Qxa4 35. Rxa4 Rhb8 36. c4 Ne3 37. cxd5 exd5 38. Bf3 Rb1 39. Kf2 Nxc2 40.
Bd2 Rf8 41. Ke2 Ra1 42. Rxa1 Nxd4+ 43. Kd3 Nxf3 44. e6+ Kxe6 45. Rxa6+ Ke5 46.
Rxh6 Nxd2 47. Kxd2 Rf4 48. Rg6 Kf5 49. Rd6 Ke5 50. Rg6 Kf5 51. Rd6 Ke4 52. Rg6
Rf2+ 53. Ke1 Rf5 54. Ke2 Kf4 55. Kd3 Kf3 56. Kd4 g4 57. Rh6 Kg2 58. Rh4 Kf3 59.
Rh8 Kf4 60. Rh7 Kg5 61. Rg7+ Kh5 62. Rg8 Kh4 63. Rh8+ Kg5 64. Rg8+ Kf4 65. Rh8
Kf3 66. Rh7 Kg2 67. Rh4 Rg5 68. Rh8 Kf3 69. Rf8+ Ke2 70. Rh8 Rf5 71. Rh4 Kf3
72. Rh8 Kf4 73. Rh4 Kg5 74. Rh8 1/2-1/2

[Event "OLNO 1819 SC Empor Potsdam - SV Empor B"]
[Site "?"]
[Date "2018.12.16"]
[Round "4.8"]
[White "Germann, Heike"]
[Black "Breitzmann, Sander"]
[Result "1-0"]
[WhiteElo "2070"]
[BlackElo "1845"]
[PlyCount "107"]
[EventDate "2018.??.??"]

1. d4 Nf6 2. c4 e6 3. Nc3 Bb4 4. e3 b6 5. Nge2 Ba6 6. a3 Be7 7. Ng3 O-O 8. Bd3
d5 9. cxd5 Bxd3 10. Qxd3 exd5 11. b4 c5 12. bxc5 bxc5 13. dxc5 Bxc5 14. O-O Nc6
15. Na4 Ne5 16. Qf5 Bd6 17. Bb2 Qe7 18. Rfd1 Rab8 19. Bd4 g6 20. Qg5 Qe6 21.
Nc5 Bxc5 22. Bxe5 Rb6 23. Qxf6 Qxf6 24. Bxf6 Rxf6 25. Rxd5 Rc8 26. Rxc5 Rxc5
27. Ne4 Rfc6 28. Nxc5 Rxc5 29. g3 Rc2 30. Kg2 a5 31. a4 h5 32. h3 g5 33. Rb1
Rc4 34. Rb5 Rxa4 35. Rxg5+ Kh7 36. Rxh5+ Kg6 37. Rb5 Ra1 38. h4 a4 39. Ra5 a3
40. g4 a2 41. Ra6+ Kh7 42. h5 f6 43. Kf3 Kg7 44. Kf4 Kh7 45. Kf5 Kg7 46. Ra7+
Kh6 47. Kxf6 Rg1 48. Rxa2 Rxg4 49. f4 Rg8 50. f5 Rf8+ 51. Ke5 Kxh5 52. Rg2 Re8+
53. Kf4 Ra8 54. Rh2# 1-0

[Event "OLNO 1819 SG Güstrow-Teterow - TSG Ober"]
[Site "?"]
[Date "2018.12.16"]
[Round "4.1"]
[White "Rosenthal, Dirk"]
[Black "Waschk, Armin"]
[Result "1-0"]
[WhiteElo "2406"]
[BlackElo "2147"]
[PlyCount "105"]
[EventDate "2018.??.??"]

1. e4 c5 2. Nf3 d6 3. d4 cxd4 4. Nxd4 Nf6 5. Nc3 a6 6. Bg5 e6 7. f4 Qb6 8. a3
Nbd7 9. Nb3 h6 10. Bxf6 Nxf6 11. Qe2 Qc7 12. O-O-O b5 13. g4 Bb7 14. Bg2 Nd7
15. h4 Be7 16. Kb1 O-O-O 17. g5 Kb8 18. Rh3 Nb6 19. Na5 Ba8 20. Rd4 d5 21. exd5
Bc5 22. d6 Qd7 23. Rd1 Nd5 24. Nxd5 exd5 25. Rhd3 Bb6 26. Nb3 Qxd6 27. Bxd5
Bxd5 28. Rxd5 Qxf4 29. gxh6 gxh6 30. h5 Rxd5 31. Rxd5 Rd8 32. Rxd8+ Bxd8 33.
Nc5 Qd6 34. Nd3 f5 35. Qf3 Qf6 36. Nc5 Kc7 37. Qd5 Be7 38. Qb7+ Kd6 39. Nd3 Ke6
40. Qxa6+ Kf7 41. Qxb5 Bd6 42. Qd5+ Qe6 43. Qxe6+ Kxe6 44. c4 f4 45. Kc2 Kf5
46. a4 Ke4 47. a5 f3 48. a6 Bb8 49. b4 Ba7 50. c5 Kd5 51. Kb3 Kd4 52. Nf2 Ke3
53. Nh3 1-0

[Event "OLNO 1819 SG Güstrow-Teterow - TSG Ober"]
[Site "?"]
[Date "2018.12.16"]
[Round "4.2"]
[White "Fidorra, Thomas"]
[Black "Schoewel, Matthias"]
[Result "1/2-1/2"]
[WhiteElo "2059"]
[BlackElo "2223"]
[PlyCount "104"]
[EventDate "2018.??.??"]

1. e4 e5 2. Nf3 Nc6 3. d4 exd4 4. Nxd4 d6 5. Nc3 Nf6 6. Be2 Be7 7. Be3 O-O 8.
Qd2 Ng4 9. Bxg4 Bxg4 10. h3 Bd7 11. Nxc6 bxc6 12. O-O-O Bf6 13. f4 Re8 14. e5
Be7 15. Bc5 d5 16. Bxe7 Qxe7 17. Rhe1 Rab8 18. g4 Qb4 19. b3 a5 20. Kb2 a4 21.
Qd4 axb3 22. axb3 Qxd4 23. Rxd4 f6 24. Na4 fxe5 25. fxe5 Re7 26. Nc5 Rbe8 27.
Kc3 Bc8 28. Rb4 h5 29. gxh5 Bxh3 30. Kd4 Rf8 31. Nd3 Kh7 32. Kc5 Bd7 33. Nf4
Rf5 34. Ng6 Re8 35. Rf4 Kh6 36. e6 Rxe6 37. Rxe6 Bxe6 38. Kxc6 Rxh5 39. Nf8 Bg8
40. Kxc7 Rh2 41. c4 g5 42. Rd4 Rc2 43. Kd6 dxc4 44. bxc4 Bxc4 45. Nd7 Be2 46.
Ke5 g4 47. Kf4 Rc3 48. Ne5 g3 49. Rd6+ Kh7 50. Rg6 Rf3+ 51. Nxf3 Kxg6 52. Kxg3
Bxf3 1/2-1/2

[Event "OLNO 1819 SG Güstrow-Teterow - TSG Ober"]
[Site "?"]
[Date "2018.12.16"]
[Round "4.4"]
[White "Dettmann, Gerd"]
[Black "Postler, Reinhard"]
[Result "1/2-1/2"]
[WhiteElo "2140"]
[BlackElo "2240"]
[PlyCount "113"]
[EventDate "2018.??.??"]

1. e4 c5 2. Nf3 e6 3. d4 cxd4 4. Nxd4 a6 5. Bd3 Nc6 6. Nxc6 dxc6 7. O-O e5 8.
Be3 Be6 9. a4 Nf6 10. a5 Nd7 11. Nd2 Bc5 12. Qe2 Qe7 13. Bc4 O-O 14. Rfd1 Rfd8
15. h3 Nf8 16. Bxe6 Nxe6 17. c3 Bxe3 18. Qxe3 Nf4 19. Nf3 Rd6 20. Rxd6 Qxd6 21.
g3 Ne6 22. Kg2 Rd8 23. b4 f6 24. Ra2 Qd3 25. Qxd3 Rxd3 26. Rd2 Rxd2 27. Nxd2
Kf7 28. Nb3 c5 29. Kf3 Ke7 30. Ke3 Kd6 31. f4 cxb4 32. cxb4 Kc6 33. f5 Nc7 34.
Kd3 Kb5 35. Kc3 Ne8 36. Nc5 Nd6 37. Kb3 Nc4 38. Kc3 Nxa5 39. Ne6 Nc4 40. Nc7+
Kc6 41. Nxa6 Nd6 42. Nc5 b6 43. Ne6 Nxe4+ 44. Kb3 Nxg3 45. Nxg7 e4 46. Kc4 e3
47. b5+ Kd6 48. Kd3 Ke5 49. Ne6 Nxf5 50. Nf8 Kf4 51. Nxh7 Kf3 52. Nxf6 e2 53.
Kd2 Nd4 54. Ng4 Kg3 55. Ne5 Kxh3 56. Nd3 Kg3 57. Ke3 1/2-1/2

[Event "OLNO 1819 SG Güstrow-Teterow - TSG Ober"]
[Site "?"]
[Date "2018.12.16"]
[Round "4.5"]
[White "Boewer, Roland"]
[Black "Luther, Alexander"]
[Result "1/2-1/2"]
[WhiteElo "2186"]
[BlackElo "2054"]
[PlyCount "93"]
[EventDate "2018.??.??"]

1. Nf3 d5 2. d3 Nf6 3. Nbd2 e6 4. e4 dxe4 5. dxe4 Be7 6. Bd3 c5 7. Qe2 Nc6 8.
c3 Qc7 9. O-O O-O 10. e5 Nd7 11. Re1 Rd8 12. Bc2 b5 13. a4 b4 14. Nc4 Ba6 15.
Qe4 g6 16. Bf4 Bxc4 17. Qxc4 Nb6 18. Qe2 Nd5 19. Bd2 bxc3 20. bxc3 Rab8 21.
Rab1 Rxb1 22. Rxb1 Rb8 23. Rb5 a6 24. Rxb8+ Nxb8 25. Be4 Qb6 26. Qc4 Qb7 27. h3
Nb6 28. Qe2 Qd7 29. a5 Nd5 30. Qd3 Qd8 31. Nh2 Qxa5 32. Bxd5 exd5 33. Qxd5 Qd8
34. c4 a5 35. Ng4 Qxd5 36. cxd5 a4 37. Bc1 Nd7 38. d6 Bd8 39. Ba3 Bb6 40. f4 h5
41. Ne3 g5 42. Nc4 gxf4 43. Kf2 Bd8 44. Kf3 Nb6 45. Nxb6 Bxb6 46. Kxf4 Kf8 47.
Ke4 {(=)} 1/2-1/2

[Event "OLNO 1819 SG Güstrow-Teterow - TSG Ober"]
[Site "?"]
[Date "2018.12.16"]
[Round "4.6"]
[White "Seiler, Dirk"]
[Black "Wiedersich, Jens"]
[Result "1-0"]
[WhiteElo "2132"]
[BlackElo "2101"]
[PlyCount "61"]
[EventDate "2018.??.??"]

1. d4 Nf6 2. c4 c5 3. d5 b5 4. cxb5 a6 5. e3 axb5 6. Bxb5 Qa5+ 7. Nc3 Bb7 8.
Nge2 Nxd5 9. O-O e6 10. e4 Nxc3 11. Nxc3 Qc7 12. Qg4 g6 13. Bf4 e5 14. Be3 Bg7
15. Rfd1 O-O 16. Bxd7 h5 17. Qh3 Na6 18. Bb5 Bc8 19. Qg3 Qb6 20. Bc4 Qb4 21.
Bd5 Bb7 22. a3 Qxb2 23. Rab1 Qxc3 24. Rxb7 Qc2 25. Rc1 Qd3 26. Rb3 Qe2 27. Qxg6
Ra7 28. h3 Kh8 29. Qb6 Re7 30. Bc4 Qa2 31. Qxa6 1-0

[Event "OLNO 1819 SG Güstrow-Teterow - TSG Ober"]
[Site "?"]
[Date "2018.12.16"]
[Round "4.7"]
[White "Jauk, Wilhelm"]
[Black "Kiel, Bernd"]
[Result "1-0"]
[WhiteElo "2143"]
[BlackElo "1984"]
[PlyCount "93"]
[EventDate "2018.??.??"]

1. d4 Nf6 2. Nf3 g6 3. Bg5 Ne4 4. Bh4 Bg7 5. Nbd2 d5 6. e3 Nxd2 7. Qxd2 O-O 8.
Be2 Qd6 9. O-O Bf5 10. c4 dxc4 11. Bxc4 Nd7 12. Rfd1 Nf6 13. Rac1 Ne4 14. Qe2
c6 15. Bd3 Qe6 16. b3 h6 17. Bc4 Qd6 18. Ne1 g5 19. Bg3 Nxg3 20. hxg3 e5 21. e4
Bg6 22. d5 c5 23. g4 b6 24. Bb5 Rad8 25. Rc3 Kh7 26. Rdc1 Rh8 27. a3 Kg8 28.
Nd3 h5 29. gxh5 Rxh5 30. b4 Rh4 31. bxc5 bxc5 32. Nxc5 Rb8 33. a4 f5 34. g3 Rh8
35. Bd7 fxe4 36. Be6+ Bf7 37. Nxe4 Qb4 38. Nxg5 Bxe6 39. Nxe6 Bf6 40. Qf3 Rh6
41. Rc4 Qb7 42. Rc6 Qb4 43. Qf5 Qd2 44. Qg4+ Kf7 45. Rc7+ Be7 46. Qg7+ Ke8 47.
Qxe7# 1-0

[Event "OLNO 1819 SG Güstrow-Teterow - TSG Ober"]
[Site "?"]
[Date "2018.12.16"]
[Round "4.8"]
[White "Dettmann, Holger"]
[Black "Bellmann, Rambald"]
[Result "1/2-1/2"]
[WhiteElo "2018"]
[BlackElo "2102"]
[PlyCount "41"]
[EventDate "2018.??.??"]

1. d4 d5 2. Nf3 Nc6 3. e3 Bg4 4. Be2 e6 5. Nbd2 Nf6 6. O-O Ne7 7. b3 Ng6 8. Bb2
Bxf3 9. Bxf3 Bd6 10. e4 Nxe4 11. Bxe4 dxe4 12. Qe2 f5 13. Qb5+ Kf7 14. Nc4 Rb8
15. Nxd6+ Qxd6 16. Rad1 a6 17. Qa5 h6 18. Qe1 b5 19. f3 e3 20. Qxe3 c6 21. Rd2
1/2-1/2